| 000 | 00910nam a2200277 i 4500 | ||
|---|---|---|---|
| 001 | 172611 | ||
| 003 | ES-MaACL | ||
| 005 | 20250804072418.0 | ||
| 007 | t| | ||
| 008 | 090727s1990 sp ||||1| spa d | ||
| 017 | _aM 47166-1990 | ||
| 020 | _a84-206-1209-X | ||
| 080 | _a821.134.2-22"19" | ||
| 100 | 1 |
_aArniches, Carlos. _923094 |
|
| 245 | 1 | 3 |
_aEl santo de la Isidra _b; El amigo Melquiades ; Los caciques / _cCarlos Arniches. |
| 246 | 1 | 8 | _aLos caciques y sainetes |
| 250 | _a1ª ed., 4ª reimp. | ||
| 260 |
_aMadrid : _bAlianza Editorial, _c1990. |
||
| 300 |
_a217 p. ; _c18 cm. |
||
| 490 | 1 |
_aEl libro de bolsillo ; _v209. _aLiteratura |
|
| 740 | 3 | _aEl Amigo Melquiades. | |
| 740 | 4 | _aLos Caciques. | |
| 830 | 0 | 3 |
_aEl libro de bolsillo. _pLiteratura _v209. _9180913 |
| 852 | 4 |
_aES-MaACL _jE-12897 _9R.139444 _z. - Biblioteca Jacinto Martínez Lacalle |
|
| 999 |
_c172611 _d172611 |
||